<?xml version="1.0" encoding="UTF-8"?>
<record
    xmlns:xsi="http://www.w3.org/2001/XMLSchema-instance"
    xsi:schemaLocation="http://www.loc.gov/MARC21/slim http://www.loc.gov/standards/marcxml/schema/MARC21slim.xsd"
    xmlns="http://www.loc.gov/MARC21/slim">

  <leader>02300nam a2200229 a 4500</leader>
  <controlfield tag="001">000010936</controlfield>
  <controlfield tag="005">20240412074221.0</controlfield>
  <controlfield tag="008">091013t1993    dr            001 p spa d</controlfield>
  <datafield tag="040" ind1=" " ind2=" ">
    <subfield code="a">DO-SdBNP</subfield>
    <subfield code="b">spa</subfield>
    <subfield code="c">BNPHU</subfield>
  </datafield>
  <datafield tag="082" ind1=" " ind2=" ">
    <subfield code="a">RD861.44</subfield>
    <subfield code="b">V732L</subfield>
  </datafield>
  <datafield tag="100" ind1="1" ind2=" ">
    <subfield code="a">Villegas, V&#xED;ctor,</subfield>
    <subfield code="d">1924-</subfield>
    <subfield code="9">7800</subfield>
  </datafield>
  <datafield tag="245" ind1="1" ind2="3">
    <subfield code="a">La luz en el regreso :</subfield>
    <subfield code="b">antolog&#xED;a po&#xE9;tica /</subfield>
    <subfield code="c">V&#xED;ctor Villegas ; selecci&#xF3;n y estudio de Pedro Conde.</subfield>
  </datafield>
  <datafield tag="260" ind1=" " ind2=" ">
    <subfield code="a">Santo Domingo :</subfield>
    <subfield code="b">Alfa y Omega,</subfield>
    <subfield code="c">1993.</subfield>
  </datafield>
  <datafield tag="300" ind1=" " ind2=" ">
    <subfield code="a">xxv, 104 p. ;</subfield>
    <subfield code="c">21 cm.</subfield>
  </datafield>
  <datafield tag="500" ind1=" " ind2=" ">
    <subfield code="a">Incluye datos biogr&#xE1;ficos del autor en la contracubierta.</subfield>
  </datafield>
  <datafield tag="505" ind1="0" ind2=" ">
    <subfield code="g">Elogio y diatriba de V&#xED;ctor Villegas /</subfield>
    <subfield code="r">Pedro Conde --</subfield>
    <subfield code="t">Itinerario del dolor --</subfield>
    <subfield code="t">De Charlotte Amalie a Juan Criollo --</subfield>
    <subfield code="t">La luz en el regreso--</subfield>
    <subfield code="t">El estro de un maestro --</subfield>
    <subfield code="g">I.- Dialogos con Sime&#xF3;n (1977) :</subfield>
    <subfield code="t">En el hechizo --</subfield>
    <subfield code="t">Martina la hija del hombre --</subfield>
    <subfield code="t">Los desembarcaderos --</subfield>
    <subfield code="t">Mar en sombras --</subfield>
    <subfield code="g">II.- Charlotte Amalie (1980) :</subfield>
    <subfield code="t">Eleg&#xED;a mojada por la lluvia --</subfield>
    <subfield code="g">III.- Juan criollo y otras antieleg&#xED;as (1982) :</subfield>
    <subfield code="t">Antieleg&#xED;a del brazero --</subfield>
    <subfield code="t">Antieleg&#xED;a tierra (Rosal&#xED;a )--</subfield>
    <subfield code="t">Antieleg&#xED;a del recuerdo --</subfield>
    <subfield code="g">IV.- Botella en el mar 72 :</subfield>
    <subfield code="t">Hacia el hombre --</subfield>
    <subfield code="t">Plenitud --</subfield>
    <subfield code="t">Reencuentro --</subfield>
    <subfield code="t">Vida inmortal --</subfield>
    <subfield code="t">En mi los otros --</subfield>
    <subfield code="t">Confluencia en el amor --</subfield>
    <subfield code="t">Experiencia del d&#xED;a --</subfield>
    <subfield code="t">Cada quien cava su tumba --</subfield>
    <subfield code="t">Somos si deseamos --</subfield>
    <subfield code="t">Presencia de la ausencia --</subfield>
    <subfield code="t">S&#xF3;lo la destrucci&#xF3;n --</subfield>
    <subfield code="t">Vivi&#xE9;ndolo todo, a mi modo de ver --</subfield>
    <subfield code="t">Romper el c&#xED;rculo --</subfield>
    <subfield code="t">A un aludido --</subfield>
    <subfield code="t">Transitorias, las cosas --</subfield>
    <subfield code="t">Como naciendo a&#xFA;n --</subfield>
    <subfield code="g">V.- Poco tiempo despu&#xE9;s(1991) :</subfield>
    <subfield code="t">Se va mi traje, su algod&#xF3;n --</subfield>
    <subfield code="t">Desplazando el alma--</subfield>
    <subfield code="t">Porque nadie ha cruzado los umbrales --</subfield>
    <subfield code="t">El tren que pasa est&#xE1; siempre pasando --</subfield>
    <subfield code="t">Encima de la luz la noche --</subfield>
    <subfield code="t">No dar solas las cosas --</subfield>
    <subfield code="t">Vivo a mi lado --</subfield>
    <subfield code="t">Puede la quietud tornarse --</subfield>
    <subfield code="t">Deseo, si no miento, estar am&#xE1;ndote --</subfield>
    <subfield code="t">He probado ser id&#xF3;latra --</subfield>
    <subfield code="t">Ya es hora de entendernos --</subfield>
    <subfield code="t">Desigual, con el libro en la mano --</subfield>
    <subfield code="t">Me ajusto la camisa --</subfield>
    <subfield code="t">Mientras m&#xE1;s en la muerte --</subfield>
    <subfield code="t">Limpiar a veces --</subfield>
    <subfield code="t">Entrar a la memoria si est&#xE1; sola --</subfield>
    <subfield code="t">El que sali&#xF3; de m&#xED; --</subfield>
    <subfield code="t">Hablo conmigo --</subfield>
    <subfield code="t">En m&#xED; todo es posible.</subfield>
  </datafield>
  <datafield tag="590" ind1=" " ind2=" ">
    <subfield code="a">Inventariado, 2019 / DG</subfield>
  </datafield>
  <datafield tag="650" ind1=" " ind2="0">
    <subfield code="a">Poes&#xED;a dominicana</subfield>
    <subfield code="9">66</subfield>
  </datafield>
  <datafield tag="650" ind1=" " ind2="0">
    <subfield code="a">Literatura dominicana.</subfield>
    <subfield code="9">67</subfield>
  </datafield>
  <datafield tag="700" ind1="1" ind2=" ">
    <subfield code="a">Conde, Pedro,</subfield>
    <subfield code="s">comp.</subfield>
    <subfield code="9">26345</subfield>
  </datafield>
  <datafield tag="910" ind1=" " ind2=" ">
    <subfield code="a">Validado. Control de calidad EMS.</subfield>
  </datafield>
  <datafield tag="952" ind1=" " ind2=" ">
    <subfield code="0">0</subfield>
    <subfield code="1">0</subfield>
    <subfield code="5">4</subfield>
    <subfield code="7">0</subfield>
    <subfield code="8">DS</subfield>
    <subfield code="a">GR</subfield>
    <subfield code="b">GR</subfield>
    <subfield code="c">HD</subfield>
    <subfield code="d">2009-10-13</subfield>
    <subfield code="i">LF1</subfield>
    <subfield code="l">0</subfield>
    <subfield code="o">RD861.44 V732l</subfield>
    <subfield code="p">10936-30</subfield>
    <subfield code="r">2020-06-25</subfield>
    <subfield code="t">e. 4</subfield>
    <subfield code="w">2020-06-25</subfield>
    <subfield code="y">LFDS</subfield>
    <subfield code="Z">Pr&#xE9;stamo en sala</subfield>
  </datafield>
  <datafield tag="952" ind1=" " ind2=" ">
    <subfield code="0">0</subfield>
    <subfield code="1">0</subfield>
    <subfield code="5">4</subfield>
    <subfield code="7">0</subfield>
    <subfield code="8">DS</subfield>
    <subfield code="a">GR</subfield>
    <subfield code="b">GR</subfield>
    <subfield code="c">HD</subfield>
    <subfield code="d">2009-10-13</subfield>
    <subfield code="i">LF1</subfield>
    <subfield code="l">0</subfield>
    <subfield code="o">RD861.44 V732l</subfield>
    <subfield code="p">10936-40</subfield>
    <subfield code="r">2020-06-25</subfield>
    <subfield code="t">e. 3</subfield>
    <subfield code="w">2020-06-25</subfield>
    <subfield code="y">LFDS</subfield>
    <subfield code="Z">Pr&#xE9;stamo en sala</subfield>
  </datafield>
  <datafield tag="952" ind1=" " ind2=" ">
    <subfield code="0">0</subfield>
    <subfield code="1">0</subfield>
    <subfield code="5">4</subfield>
    <subfield code="7">0</subfield>
    <subfield code="8">DS</subfield>
    <subfield code="a">GR</subfield>
    <subfield code="b">GR</subfield>
    <subfield code="c">HD</subfield>
    <subfield code="d">2011-02-14</subfield>
    <subfield code="i">LF1</subfield>
    <subfield code="l">0</subfield>
    <subfield code="o">RD861.44 V732l</subfield>
    <subfield code="p">10936-50</subfield>
    <subfield code="r">2020-06-25</subfield>
    <subfield code="t">e. 5</subfield>
    <subfield code="w">2020-06-25</subfield>
    <subfield code="y">LFDS</subfield>
    <subfield code="Z">Pr&#xE9;stamo en sala</subfield>
  </datafield>
  <datafield tag="952" ind1=" " ind2=" ">
    <subfield code="0">0</subfield>
    <subfield code="1">0</subfield>
    <subfield code="7">1</subfield>
    <subfield code="8">PD</subfield>
    <subfield code="a">PD</subfield>
    <subfield code="b">PD</subfield>
    <subfield code="c">HD</subfield>
    <subfield code="d">2009-10-13</subfield>
    <subfield code="i">LF1</subfield>
    <subfield code="l">0</subfield>
    <subfield code="o">RD861.44 V732l</subfield>
    <subfield code="p">10936-10</subfield>
    <subfield code="r">2020-06-25</subfield>
    <subfield code="w">2020-06-25</subfield>
    <subfield code="y">LFPD</subfield>
    <subfield code="Z">No se presta</subfield>
  </datafield>
  <datafield tag="952" ind1=" " ind2=" ">
    <subfield code="0">0</subfield>
    <subfield code="1">0</subfield>
    <subfield code="7">1</subfield>
    <subfield code="8">PD</subfield>
    <subfield code="a">PD</subfield>
    <subfield code="b">PD</subfield>
    <subfield code="c">HD</subfield>
    <subfield code="d">2009-10-13</subfield>
    <subfield code="i">LF1</subfield>
    <subfield code="l">0</subfield>
    <subfield code="o">RD861.44 V732l</subfield>
    <subfield code="p">10936-20</subfield>
    <subfield code="r">2020-06-25</subfield>
    <subfield code="t">e. 2</subfield>
    <subfield code="w">2020-06-25</subfield>
    <subfield code="y">LFPD</subfield>
    <subfield code="Z">No se presta</subfield>
  </datafield>
  <datafield tag="999" ind1=" " ind2=" ">
    <subfield code="c">10674</subfield>
    <subfield code="d">10674</subfield>
  </datafield>
</record>
